Southville International School and Colleges
Your cart is empty.
  • Cart
  • Lists
    Public lists Eva Luna New books Lux_list list_1
    Your lists Log in to create your own lists
  • Log in to your account
  • Your cookies
  • Search history
Southville International School and Colleges
  • Advanced search
  • Recent comments
  • Most popular
  • Libraries

Log in to your account

Log in with GOOGLE


If you do not have an external account, but do have a local account, you can still log in:

  1. Home
  2. MARC view: My first 100 French words :
Normal view MARC view ISBD view

My first 100 French words : (Record no. 102940)

[ view plain ]
MARC details
000 -LEADER
fixed length control field 00438nam a2200145 a 4500
005 - DATE AND TIME OF LATEST TRANSACTION
control field 20140412111246.0
008 - FIXED-LENGTH DATA ELEMENTS--GENERAL INFORMATION
fixed length control field 010727s19uu xx 00 eng d
020 ## - INTERNATIONAL STANDARD BOOK NUMBER
International Standard Book Number 0-7498-0590-0
050 ## - LIBRARY OF CONGRESS CALL NUMBER
Classification number REF 440
Item number My995 1992
245 ## - TITLE STATEMENT
Title My first 100 French words :
Remainder of title a pull-the-tab word bool.
260 ## - PUBLICATION, DISTRIBUTION, ETC. (IMPRINT)
Place of publication, distribution, etc Manchester :
Name of publisher, distributor, etc World International Publishing Limited,
Date of publication, distribution, etc 1992.
300 ## - PHYSICAL DESCRIPTION
Extent 1v. (unp.) ; ill.
650 ## - SUBJECT ADDED ENTRY--TOPICAL TERM
Topical term or geographic name as entry element French words
Holdings
Withdrawn status Lost status Damaged status Use restrictions Home library Current library Shelving location Date acquired Source of acquisition Total Checkouts Full call number Barcode Date last seen Price effective from Koha item type
        Elizalde Library Elizalde Library Reference Section 07/27/2001     REF 440 My995 1992 E3347 04/12/2014 04/12/2014 Books

My first 100 French words :

APA

(1992). My first 100 French words. Manchester: World International Publishing Limited.

Chicago

1992. My first 100 French words. Manchester: World International Publishing Limited.

Harvard

(1992). My first 100 French words. Manchester: World International Publishing Limited.

MLA

My first 100 French words. Manchester: World International Publishing Limited. 1992.

  • Place hold
  • Print
  • Cite
  • Add to your cart (remove)
  • Save record
    BIBTEX Dublin Core MARCXML MARC (non-Unicode/MARC-8) MARC (Unicode/UTF-8) MARC (Unicode/UTF-8, Standard) MODS (XML) RIS
  • More searches
    Search for this title in:
    Other Libraries (WorldCat) Other Databases (Google Scholar) Online Stores (Bookfinder.com) Open Library (openlibrary.org)

Exporting to Dublin Core...

SOUTHVILLE LIBRARY

Southville International School and Colleges Library

1281 Tropical Ave. Cor. Luxembourg St., BF Homes International, Las Pinas City

Tel. No. 8256374 / 252358 Loc. 117/146

Powered by Koha